Place of Importance (Record no. 7831)

MARC details
000 -LEADER
fixed length control field 00667nam a2200121Ia 4500
008 - FIXED-LENGTH DATA ELEMENTS--GENERAL INFORMATION
fixed length control field 220615s9999||||xx |||||||||||||| ||und||
100 ## - MAIN ENTRY--PERSONAL NAME
Personal name Harather, Karin||Peer, Christian||Semlitsch, Emanuela
245 #0 - TITLE STATEMENT
Title Place of Importance
Remainder of title Gestaltung sozialintegrativer Bildungsräume im Kontext von Flucht und Asyl
546 ## - LANGUAGE NOTE
Language note English[eng]
650 ## - SUBJECT ADDED ENTRY--TOPICAL TERM
Topical term or geographic name entry element education, refuge||asylum||integration||architecture and spatial planning||open spaces for education||educational landscape||experimental design||teaching and research||open university||OPENmarx||urban development vienna
856 ## - ELECTRONIC LOCATION AND ACCESS
Uniform Resource Identifier <a href="https://library.oapen.org/bitstream/20.500.12657/49586/1/9783854480280.pdf">https://library.oapen.org/bitstream/20.500.12657/49586/1/9783854480280.pdf</a>
942 ## - ADDED ENTRY ELEMENTS (KOHA)
Koha item type E-Books
Holdings
Withdrawn status Lost status Damaged status Not for loan Home library Current library Date acquired Total Checkouts Date last seen Price effective from Koha item type
        Kerala University of Digital Sciences, Innovation and Technology Knowledge Centre Kerala University of Digital Sciences, Innovation and Technology Knowledge Centre 15/06/2022   15/06/2022 15/06/2022 E-Books